000 00405nam a2200133Ia 4500
008 220217s9999 xx 000 0 und d
100 _aAbraham Joy, K.
245 0 _aPerformance of RRII 105 in higher elevations of Thodupuzha taluk in Idukki district
260 _bKerala Agricultural University
_a Thrissur
_c1995
300 _a55
500 _aCourse: PGDNRP
700 _aDr AON Panikkar
942 _cTS
999 _c74260
_d74260